000
00232nam a22000977a 4500
999
_c
258622
_d
258621
020
_a
9780555008164
245
_a
Fundamentals of investing
250
_a
6TH ED
260
_a
Boston,Massachusetts
_b
Addison -Wesley
_c
2008
942
_c
BK